Introducción a la Espectroquímica (Registro nro. 29489)

Detalles MARC
000 -LEADER
campo de control de longitud fija 00515nam a2200145 i 4500
001 - NÚMERO DE CONTROL
campo de control 29489
003 - IDENTIFICADOR DE NÚMERO DE CONTROL
campo de control ES-MaACL
007 - CAMPO FIJO DE DESCRIPCIÓN FÍSICA--INFORMACIÓN GENERAL
campo de control de longitud fija t|
008 - DATOS DE LONGITUD FIJA--INFORMACIÓN GENERAL
campo de control de longitud fija 030122s1946 sp ||||1| spa d
100 1# - ENTRADA PRINCIPAL--NOMBRE DE PERSONA
Nombre de persona Barceló, José R.
9 (RLIN) 25506
245 10 - MENCIÓN DEL TÍTULO
Título Introducción a la Espectroquímica
Resto del título : con indicación de otros métodos ópticos de interés en la Química Analítica /
Mención de responsabilidad, etc. por José R. Barceló.
260 ## - PUBLICACIÓN, DISTRIBUCIÓN, ETC.
Lugar de publicación, distribución, etc. Barcelona :
Nombre del editor, distribuidor, etc. Manuel Marín,
Fecha de publicación, distribución, etc. 1946 (
Fabricante Horta)
300 ## - DESCRIPCIÓN FÍSICA
Extensión 156 p. :
Otras características físicas il. ;
Dimensiones 23 cm.
852 ## - LOCALIZACIÓN
Ubicación ES-MaACL
Número de control de estantería B-1911
Sublocalización o colección R.28871
Existencias
Estatus retirado Estado de pérdida Estado de daño No para préstamo Biblioteca de origen Biblioteca actual Ubicación en estantería Fecha de adquisición Fuente de adquisición Total de préstamos Signatura topográfica completa Código de barras Visto por última vez Precio de reemplazo Tipo de ítem Koha
        Biblioteca del Ateneo de Madrid Biblioteca del Ateneo de Madrid Sala Pardo Bazán 17/01/2008     B-1911 1030444 23/02/2023 23/02/2023 Libro impreso